| 000 | 01189nam a22002777a 4500 | ||
|---|---|---|---|
| 999 |
_c7107 _d7107 |
||
| 003 | OSt | ||
| 005 | 20240912161543.0 | ||
| 008 | 180118s2017 spca l0|0 0 cat|d | ||
| 017 |
_aDL B 19284 2017 _bBiblioteca de Catalunya |
||
| 020 | _a9788491560135 | ||
| 040 |
_aES-BaAHC _cCDMR _bcat |
||
| 041 | 0 | _acat | |
| 100 | 1 |
_aFabre, Jaume _d1948-, _9229 |
|
| 245 | 1 | 0 |
_aPeriodistes, malgrat tot _b: 1939-1966 : la dificultat d'informar sota el franquisme a Barcelona : resistents, possibilistes i col·laboracionistes / _cJaume Fabre ; documentació: Néstor Bogajo ; pròleg: Borja de Riquer |
| 260 |
_aBarcelona : _bAjuntament de Barcelona, _c2017 |
||
| 300 |
_a409 pàgines : _bil·lustracions, fotografies ; _c26 cm |
||
| 500 | _aInclou informació sobre María Luz Morales (entre d'altres) | ||
| 650 | 0 | 4 |
_aPeriodistes _zCatalunya _zBarcelona _yS. XX _92400 |
| 650 | 0 | 4 |
_aPeriodisme _zCatalunya _zBarcelona _yS. XX _93172 |
| 650 | 2 | 0 |
_aPremsa _zCatalunya _zBarcelona _yS. XX _9195 |
| 650 | 4 |
_aFranquisme _zCatalunya _zBarcelona |
|
| 700 | 1 | _aBogajo, Néstor, | |
| 700 | 1 |
_aRiquer i Permanyer, Borja de, _d1945-, |
|
| 710 | 1 |
_aBarcelona _b -- Ajuntament _eentitat editora _92829 |
|
| 942 |
_cMON _2udc |
||